000 00753nam a2200205 a 4500
005 20260112063241.0
020 _a8187099461
039 _a202110211233
_bstaff
_c202110041541
_d staff
_c202110041541
_d staff
_y 200909222123
_z staff
082 _a338.4791
_bGAU [ Shelf 57 ]
100 _aGautam
_d Vinayshil
245 _aHealthcare Tourism :
_bOppurtunities for India
_cVinayshil Gautam
260 _aMumbai :
_bQuest Publication and EXIM ,
_c2008
300 _a228 :
_bill, maps, chart photos ;
_c10cm
650 _aHealthcare Tourism
_x Oppurtunities
_y 21st Century
_z India
700 _aRaman
_bR M V
700 _aPrahalathan
_bS
991 _aVIRTUA40
991 _aVTLSSORT0080*0200*0820*1000*2450*2600*3000*6500*7000*7001*9992
909 _a1740
999 _c1710
_d1710